000 00726nam a2200229Ia 4500
003 OSt
005 20220928102109.0
006 a|||||r|||| 00| 0
007 ta
008 220927b |||||||| |||| 00| 0 eng d
024 _a26033
037 _cTextual
040 _aSDCL
_cSDCL
_beng
041 _2eng
_aeng
082 _aG:5598, N6
100 _aOrganisation For Economic Co-Operation and Development(OECD)
_9396557
245 0 _aRadioactive waste management in perspective.
260 _aParis
_bOrganisation for Economic Co-Operation and Dvelopment
300 _a142p
_ccm.
942 _hG:5598, N6
_cTEXL
_2CC
999 _c712309
_d712309